Bristol City Squad 2025-2026 - Statistics

General Stats
  • This quiz has been taken 20 times
  • The average score is 23 of 39
Answer Stats
# Position Nation Player % Correct
1 GK Ireland Max O'Leary
88%
3 DF England Cameron Pring
76%
18 FW Denmark Emil Riis
76%
- Coach Austria Gerhard Struber
76%
12 MF Ireland Jason Knight
76%
8 MF England Joe Williams
76%
6 MF England Max Bird
76%
23 GK Czech Republic Radek Vítek
76%
2 DF Scotland Ross McCrorie
76%
20 FW England Sam Bell
76%
10 MF England Scott Twine
76%
14 MF Slovenia Tomi Horvat
76%
4 MF England Adam Randell
71%
9 FW France Fally Mayulu
71%
44 MF England George Earthy
71%
15 DF Ireland Luke McNally
71%
16 DF England Rob Dickie
71%
11 MF Albania Anis Mehmeti
65%
17 MF Ireland Mark Sykes
65%
21 DF Brazil Neto Borges
65%
- Coach England Roy Hodgson
65%
40 MF Egypt Sam Morsy
65%
30 FW Ireland Sinclair Armstrong
65%
7 FW Japan Yū Hirakawa
65%
14 DF Kenya Zak Vyner
65%
19 DF England George Tanner
59%
24 DF England Haydon Roberts
59%
5 DF England Rob Atkinson
59%
13 GK England Joe Lumley
53%
32 GK Wales Lewis Thomas
53%
38 DF Sweden Noah Eile
53%
11 FW Suriname Delano Burgzorg
47%
26 MF England Josh Stokes
41%
25 FW Italy Ephraim Yeboah
29%
31 DF England Elijah Morrison
24%
27 FW England Harry Cornick
24%
24 DF England Seb Naylor
18%
28 MF Ireland Adam Murphy
12%
33 DF England Josh Campbell-Slowey
6%
No matching quizzes found
Score Distribution
Percent of People with Each Score
Percentile by Number Answered
Your Score History
You have not taken this quiz